Grands Crus Alsaciens - Statistiques

Statistiques générales
  • Ce quiz a été pris 3 fois
  • Le résultat moyen est 10 sur 20
Statistiques - réponses
Cépages Terroir Grand Cru % Correct
GW PG PN Marno-calcaire = Gras HENGST
100%
RI Marno-calcaro-gréseux = Minéral GEISBERG
67%
RI 100% Schisteux = Fraicheur KASTELBERG
67%
RI GW Volcano-sédimentaire = Charpenté KITTERLE
67%
PG 57% (RI GW MU) Volcano-sédimentaire = Charpenté RANGEN
67%
RI Marno-calcaire = Gras SCHOENENBOURG
67%
RI (PG GW MU) Marno-gréseux = Puissant SCHOENENBOURG
67%
GW 53% (RI PG) Calcaro-gréseux = Floral VORBOURG
67%
RI GW SY Marno-calcaire = Gras ZOTZENBERG
67%
RI GW Marno-calcaire = Gras ALTENBERG de Bergheim
33%
RI 41% (GW PG MU) Granitiques et gneissique = Légèreté BRAND
33%
RI (GW PG) Marno-calcaire = Gras EICHBERG
33%
ROUGE (GW PG) Argilo-calcaire = Puissant EICHBERG
33%
RI GW Granitiques et gneissique = Légèreté KAEFFERKOPF
33%
RI PG Argilo-calcaire KANZLERBERG
33%
RI 64% ( GW PG MU) Marno-gréseux = Equilibré OLLWILLER
33%
RI GW PG PN Calcaire = Citronné (B) Puissant (R) ROSACKER
33%
RI 76% (GW PG MU) Granitiques et gneissique = Légèreté SCHLOSSBERG
33%
GW 44% (RI PG) Calcaire = Citronné STEINKLOTZ
33%
RI 96% (PG) Gréseux = Acidité WIEBELSERG
33%
Aucun quiz correspondant
Distribution des résultats
% des personnes avec chaque résultat
Percentile par nombre de réponses
Votre historique - résultats
Vous n’avez pas pris ce quiz